[Event "Ufa Republican Sports op-A"]
[Site "Ufa"]
[Date "2016.05.23"]
[Round "8"]
[White "Sagitov, Albert"]
[Black "Mukhametov, Arslan"]
[Result "1-0"]
[WhiteElo "1687"]
[BlackElo "1394"]
[PlyCount "97"]
[EventDate "2016.05.23"]
[EventType "tourn"]
[EventRounds "9"]
[EventCountry "RUS"]
[SourceTitle "EXT 2022"]
[Source "ChessBase"]
[SourceDate "2021.10.06"]
[SourceVersion "1"]
[SourceVersionDate "2021.10.06"]
[SourceQuality "1"]

1. d4 d5 2. c4 c6 3. Nc3 Nf6 4. Nf3 a6 5. c5 Bf5 6. Bf4 h6 7. h3 e6 8. e3 Nbd7 9. Bd3 Bg6 10. Bxg6 fxg6 11. Qc2 Kf7 12. 0-0 Be7 13. e4 Rf8 14. exd5 exd5 15. Rfe1 Re8 16. Bg3 Nf8 17. Ne5+ Kg8 18. Nxg6 Ra7 19. Nxf8 Rxf8 20. Qg6 Rf7 21. Re2 Qf8 22. Rae1 Ra8 23. Bf4 Kh8 24. Bg3 Re8 25. b4 Bd8 26. Rxe8 Nxe8 27. a4 Bg5 28. Re2 Bf6 29. Be5 Bxe5 30. Rxe5 Nc7 31. Re2 Rf6 32. Qg3 Ne6 33. Qe5 Ng5 34. a5 Rf3 35. Qd6 Rf7 36. Qxf8+ Rxf8 37. h4 Nh7 38. Re7 Rb8 39. Ne2 Nf6 40. f3 g5 41. hxg5 hxg5 42. Rf7 Nh7 43. Kf2 Kg8 44. Re7 Nf6 45. Ng3 Kf8 46. Nf5 g4 47. fxg4 Nxg4+ 48. Kg3 Nh6 49. Re5 1-0

[Event "Ufa Republican Sports op-A"]
[Site "Ufa"]
[Date "2016.05.23"]
[Round "5"]
[White "Salikhov, Linar"]
[Black "Mukhametov, Arslan"]
[Result "1-0"]
[WhiteElo "1445"]
[BlackElo "1394"]
[PlyCount "67"]
[EventDate "2016.05.23"]
[EventType "tourn"]
[EventRounds "9"]
[EventCountry "RUS"]
[SourceTitle "EXT 2022"]
[Source "ChessBase"]
[SourceDate "2021.10.06"]
[SourceVersion "1"]
[SourceVersionDate "2021.10.06"]
[SourceQuality "1"]

1. e4 e5 2. Nf3 Nc6 3. Bc4 Bc5 4. Nc3 Nf6 5. d3 d6 6. Be3 Bb6 7. h3 h6 8. Qd2 Be6 9. Bb5 0-0 10. g4 Bxe3 11. Qxe3 g5 12. Nh2 Nd4 13. 0-0-0 c6 14. Ba4 b5 15. Bb3 Bxb3 16. axb3 a5 17. h4 Nh7 18. hxg5 Qxg5 19. Qxg5+ Nxg5 20. Kd2 Kg7 21. Ne2 Nge6 22. Rc1 f6 23. Nxd4 Nxd4 24. Ke3 c5 25. Nf3 Ne6 26. Nh4 Rad8 27. Nf5+ Kg6 28. Rxh6+ Kg5 29. f3 Nd4 30. Rch1 Nxc2+ 31. Kd2 Kf4 32. Nh4 Ne3 33. Ng6+ Kg5 34. R1h5# 1-0